[Event "Mendoza Mes de la Revolucion Cup"]
[Site "Mendoza"]
[Date "2021.05.09"]
[Round "3"]
[White "Pereyra, Manuel1111"]
[Black "Vitar, Benjamin"]
[Result "1-0"]
[WhiteElo "1602"]
[BlackElo "1362"]
[PlyCount "37"]
[EventDate "2021.05.08"]
[EventType "tourn"]
[EventRounds "9"]
[EventCountry "ARG"]
[SourceTitle "CBM 202 Extra"]
[Source "ChessBase"]
[SourceDate "2021.07.31"]
[SourceVersion "1"]
[SourceVersionDate "2021.07.31"]
[SourceQuality "1"]

1. d4 Nf6 2. Bf4 g6 3. Nc3 d5 4. e3 Bg7 5. h4 Bf5 6. Nge2 Ne4 7. Nxe4 dxe4 8. Ng3 c5 9. Nxf5 gxf5 10. c3 cxd4 11. exd4 Qb6 12. Qd2 Nc6 13. 0-0-0 Rc8 14. Kb1 a5 15. Rh3 e5 16. dxe5 Rd8 17. Qe2 Rxd1+ 18. Qxd1 Qxf2 19. Be3 1-0

[Event "Mendoza Mes de la Revolucion Cup"]
[Site "Mendoza"]
[Date "2021.05.09"]
[Round "4"]
[White "Vitar, Benjamin"]
[Black "Rodriguez, Matias"]
[Result "1/2-1/2"]
[WhiteElo "1362"]
[BlackElo "1559"]
[PlyCount "78"]
[EventDate "2021.05.08"]
[EventType "tourn"]
[EventRounds "9"]
[EventCountry "ARG"]
[SourceTitle "CBM 202 Extra"]
[Source "ChessBase"]
[SourceDate "2021.07.31"]
[SourceVersion "1"]
[SourceVersionDate "2021.07.31"]
[SourceQuality "1"]

1. e4 b6 2. d4 Bb7 3. Bd3 Nf6 4. Qe2 Nc6 5. Nf3 Nb4 6. e5 Nxd3+ 7. Qxd3 Ne4 8. 0-0 e6 9. Nbd2 Nxd2 10. Bxd2 c5 11. c3 d6 12. Qb5+ Qd7 13. Qxd7+ Kxd7 14. exd6 Bxf3 15. gxf3 cxd4 16. cxd4 Bxd6 17. Be3 Rhc8 18. Rac1 Rxc1 19. Rxc1 Rc8 20. h3 Rxc1+ 21. Bxc1 Be7 22. b3 Kc6 23. Bb2 Kd5 24. Bc1 Bf6 25. Kf1 Bxd4 26. Be3 b5 27. Ke2 Bxe3 28. fxe3 a5 29. Kd3 f5 30. f4 h6 31. h4 g6 32. a3 h5 33. b4 a4 34. Kc3 e5 35. Kd3 e4+ 36. Kc3 Kc6 37. Kc2 Kd6 38. Kd2 Ke6 39. Kc2 Kd6 1/2-1/2

[Event "Mendoza Mes de la Revolucion Cup"]
[Site "Mendoza"]
[Date "2021.05.08"]
[Round "2"]
[White "Vitar, Benjamin"]
[Black "Curi, Jeronimo"]
[Result "0-1"]
[WhiteElo "1362"]
[BlackElo "1628"]
[PlyCount "24"]
[EventDate "2021.05.08"]
[EventType "tourn"]
[EventRounds "9"]
[EventCountry "ARG"]
[SourceTitle "CBM 202 Extra"]
[Source "ChessBase"]
[SourceDate "2021.07.31"]
[SourceVersion "1"]
[SourceVersionDate "2021.07.31"]
[SourceQuality "1"]

1. e4 c6 2. d4 d5 3. exd5 cxd5 4. c4 Nf6 5. Nc3 Bf5 6. Qb3 e6 7. cxd5 Nxd5 8. Qxb7 Nb6 9. Bf4 Be7 10. Nb5 Bb4+ 11. Kd1 0-0 12. Nc7 Qxd4+ 0-1

[Event "Mendoza Mes de la Revolucion Cup"]
[Site "Mendoza"]
[Date "2021.05.08"]
[Round "1"]
[White "Zuvich, Emil"]
[Black "Vitar, Benjamin"]
[Result "1-0"]
[WhiteElo "1656"]
[BlackElo "1362"]
[PlyCount "107"]
[EventDate "2021.05.08"]
[EventType "tourn"]
[EventRounds "9"]
[EventCountry "ARG"]
[SourceTitle "CBM 202 Extra"]
[Source "ChessBase"]
[SourceDate "2021.07.31"]
[SourceVersion "1"]
[SourceVersionDate "2021.07.31"]
[SourceQuality "1"]

1. e4 c5 2. Nf3 e6 3. d4 cxd4 4. Nxd4 Nc6 5. Nc3 Qc7 6. Be3 Nf6 7. Ndb5 Qb8 8. a3 a6 9. Nd4 b5 10. Nxc6 dxc6 11. Be2 Bb7 12. Qd2 c5 13. f3 Qc7 14. Bf4 e5 15. Bg3 Rd8 16. Qg5 Nd7 17. Rd1 f6 18. Qf5 Nb8 19. 0-0 Bc8 20. Qh5+ g6 21. Qh4 Qf7 22. Bxe5 g5 23. Qg3 Nc6 24. Rxd8+ Kxd8 25. Rd1+ Ke8 26. Bd6 Nd4 27. Rd2 Qd7 28. e5 Bxd6 29. exd6 Kf7 30. Ne4 Nf5 31. Qf2 c4 32. g4 Ng7 33. Qd4 Qd8 34. b3 cxb3 35. cxb3 Ne6 36. Qd5 Qb6+ 37. Kf1 Bb7 38. Qf5 Bxe4 39. fxe4 Qc5 40. Qd5 Qxd5 41. Rxd5 Rc8 42. a4 Rc5 43. Rxc5 Nxc5 44. axb5 axb5 45. Bxb5 Nxb3 46. Bc4+ Ke8 47. Bxb3 Kd7 48. Bg8 h6 49. Ke2 Kxd6 50. Kf3 Ke5 51. Ke3 Kd6 52. Kd4 Ke7 53. Kd5 Kf8 54. Bh7 1-0

[Event "ARG-ch U12"]
[Site "Villa Martelli"]
[Date "2018.02.12"]
[Round "8.5"]
[White "Vitar, Benjamin"]
[Black "Rodriguez Pinto, Bruno"]
[Result "0-1"]
[WhiteElo "1346"]
[BlackElo "1606"]
[PlyCount "42"]
[EventDate "2018.02.09"]
[EventType "swiss"]
[EventRounds "9"]
[EventCountry "ARG"]
[SourceTitle "EXT 2024"]
[Source "ChessBase"]
[SourceDate "2023.10.10"]
[SourceVersion "1"]
[SourceVersionDate "2023.10.10"]
[SourceQuality "1"]

1. e4 e5 2. Nf3 Nc6 3. Bb5 a6 4. Ba4 Nf6 5. Nc3 b5 6. Bb3 d6 7. h3 Na5 8. 0-0 Bb7 9. d3 Nxb3 10. axb3 Be7 11. Qe2 0-0 12. Rd1 c5 13. Na2 Qc7 14. Bd2 g6 15. Qe3 Nh5 16. Qh6 Ng7 17. Bg5 Ne6 18. Be3 Nd4 19. Ng5 Bxg5 20. Bxg5 f5 21. exf5 Nxf5 0-1